000
00235nam a2200097Ia 4500
001
759884
005
20250826165138.0
008
250824s9999 xx 000 0 und d
245
0
_a
HAYALET ADAM
_c
ROGER HOBBS
260
_b
KORİDOR YAYINLARI
999
_c
759884
_d
759884